Social Protection and Social Development: International Initiatives (Record no. 21857)
[ view plain ]
| 000 -LEADER | |
|---|---|
| fixed length control field | 00464nam a22001697a 4500 |
| 003 - CONTROL NUMBER IDENTIFIER | |
| control field | OSt |
| 005 - DATE AND TIME OF LATEST TRANSACTION | |
| control field | 20230815104022.0 |
| 008 - FIXED-LENGTH DATA ELEMENTS--GENERAL INFORMATION | |
| fixed length control field | 230815b |||||||| |||| 00| 0 eng d |
| 040 ## - CATALOGING SOURCE | |
| Transcribing agency | Ifm Library |
| 082 ## - DEWEY DECIMAL CLASSIFICATION NUMBER | |
| Classification number | 361.61 |
| 100 ## - MAIN ENTRY--PERSONAL NAME | |
| Personal name | Drolet, Julie L. |
| 245 ## - TITLE STATEMENT | |
| Title | Social Protection and Social Development: International Initiatives |
| 260 ## - PUBLICATION, DISTRIBUTION, ETC. | |
| Place of publication, distribution, etc. | London: |
| Name of publisher, distributor, etc. | Springer, |
| Date of publication, distribution, etc. | 2014. |
| 300 ## - PHYSICAL DESCRIPTION | |
| Extent | x, 163p.: |
| Other physical details | ill.; 23cm |
| 500 ## - GENERAL NOTE | |
| General note | Include References |
| 942 ## - ADDED ENTRY ELEMENTS (KOHA) | |
| Source of classification or shelving scheme | Dewey Decimal Classification |
| Koha item type | Books |
| Suppress in OPAC | No |
| Withdrawn status | Lost status | Source of classification or shelving scheme | Damaged status | Not for loan | Collection code | Home library | Current library | Shelving location | Date acquired | Source of acquisition | Total Checkouts | Full call number | Barcode | Date last seen | Price effective from | Koha item type |
|---|---|---|---|---|---|---|---|---|---|---|---|---|---|---|---|---|
| Dewey Decimal Classification | Non-fiction | IFM Main Campus Library | IFM Main Campus Library | General Collection | 08/15/2023 | Purchase | 361.61 DRO | 0000024217 | 08/15/2023 | 08/15/2023 | Books | |||||
| Dewey Decimal Classification | Non-fiction | IFM Main Campus Library | IFM Main Campus Library | Special Reserve Collection | 08/15/2023 | Purchase | 361.61 DRO | 0000024213 | 08/23/2023 | 08/15/2023 | Books | |||||
| Dewey Decimal Classification | Non-fiction | IFM Mwanza Campus | IFM Mwanza Campus | Mwanza Teaching Center | 08/15/2023 | Purchase | 361.61 DRO | 0000024212 | 08/16/2023 | 08/15/2023 | Books | |||||
| Dewey Decimal Classification | Non-fiction | IFM Mwanza Campus | IFM Mwanza Campus | Mwanza Teaching Center | 08/15/2023 | Purchase | 361.61 DRO | 0000024215 | 08/16/2023 | 08/15/2023 | Books |
